[Event "45th Olympiad 2024"]
[Site "Budapest HUN"]
[Date "2024.09.21"]
[Round "10.9"]
[Board "2"]
[White "Vallejo Pons, Francisco"]
[Black "Nguyen, Ngoc Truong Son"]
[Result "1/2-1/2"]
[WhiteElo "2657"]
[BlackElo "2633"]
[PlyCount "60"]
[EventDate "2024.09.11"]
[WhiteTeam "Spain"]
[BlackTeam "Vietnam"]
[WhiteTeamCountry "ESP"]
[BlackTeamCountry "VIE"]

1. Nf3 {Sagar,Shah} d5 2. g3 g6 3. Bg2 Bg7 4. d4 Nf6 5. O-O O-O 6. c3 c6 ({RR} 6... Nbd7 7. Nbd2 c5) ({RR} 6... c5 7. dxc5 a5 8. Be3 Nc6 9. Na3 a4 10. Qc1 e5 11. Rd1 Qe7 12. Nb5 Be6 13. Ng5 Bg4 14. Nd6 h6 15. Nf3 Kh7 16. h3 Be6 17. b4 axb3 18. axb3 Rxa1 19. Qxa1 Ne4 20. Nd2 f5 21. N2xe4) 7. Nbd2 Bf5 8. Nh4 Be6 9. Re1 ({RR} 9. Qc2 Nbd7 10. f4 ({RR} 10. e4 dxe4 11. Nxe4 Nxe4 12. Bxe4 Bh3 ({RR} 12... Nf6 13. Bg2 Bd5) 13. Bg2 Bxg2 14. Kxg2 e5) 10... Bg4 ({RR} 10... c5 11. f5 gxf5 12. Nxf5 Bxf5 13. Qxf5 cxd4 14. cxd4 Qb6 15. Nb3 Rac8) 11. Re1 ({RR} 11. e4 dxe4 12. Nxe4 Nxe4 13. Qxe4 Nf6 14. Qc2 e6 15. h3 Bf5 16. Nxf5 exf5) 11... e6 ({RR} 11... c5 12. h3 Be6 13. f5 gxf5 14. Nxf5 Bxf5 15. Qxf5 cxd4 16. cxd4 Qb6) 12. e4 Nxe4 13. Nxe4 dxe4 14. Qxe4 Bf6 ({RR} 14... Nf6 15. Qd3) ({RR} 14... c5 15. Qxb7 Rb8 ({RR} 15... cxd4 16. Qxa8 Qxa8 17. Bxa8 Rxa8 18. cxd4 Bxd4+ 19. Be3 ({RR} 19. Kg2 Rc8) 19... Bxb2 20. Rab1) 16. Qxa7 cxd4 17. cxd4 Nb6) 15. Nf3 Bxf3 ({RR} 15... Bf5 16. Qe2 ({RR} 16. Qe3 h5 17. h3 Rc8 ({RR} 17... c5 18. dxc5 Rc8 19. b4) 18. Nh2 c5 19. g4 cxd4 20. cxd4 Nb6) 16... h5 17. h3 c5 18. Be3) 16. Qxf3 Qa5 17. Be3 Nb6 18. Bf2 Rad8 19. g4 Nc4 ({RR} 19... Nd5 20. h4 ({RR} 20. f5 exf5 21. gxf5 g5)) 20. Re2 Nd6 21. h4 ({RR} 21. a3) 21... h5 22. gxh5 Qxh5 23. Qxh5 gxh5 {1-0 Karjakin,S (2767)-Dominguez Perez,L (2751) Baku FIDE GP 2014 (3)} {RR} 24. Bf3 Kg7 25. Bxh5 Rh8) ({RR} 9. e4 dxe4 10. Nxe4 Nxe4 11. Bxe4 Nd7 12. Bg2 Bd5) ({RR} 9. Qb3 Qb6 10. a4 Nbd7 11. Qa3 Rfe8 12. a5 Qc7 13. Re1 g5 14. Nhf3 h6 15. e4 dxe4 16. Nxe4 Nxe4 17. Rxe4 Bd5 18. Re1 e5 19. dxe5 Bxf3 20. Bxf3 Nxe5 21. Kg2 Nxf3 22. Rxe8+ Rxe8 23. Kxf3 Qe5 {0-1 Ongut,T (2292)-Rostovtsev,D (2252) Titled Tue 30th Jan Late 2024 (2)}) 9... Nbd7 10. e4 dxe4 11. Nxe4 Bd5 $146 ({RR} 11... Nxe4 12. Bxe4 Nf6 13. Bg2 Qd7 14. Nf3 Bg4 15. Ne5 Bxd1 16. Nxd7 Nxd7 17. Rxd1 e6 18. Be3 Nb6 19. Rab1 {½-½ Simic,R (2450)-Paunovic,D (2495) YUG-chT Niksic 1996}) ({RR} 11... Nxe4 12. Bxe4 Nf6 13. Bc2 Qd7 14. Qe2 Rfe8 15. Bf4 b5 16. Be5 Bd5 17. b3 Qh3 18. f3 Qd7 19. c4 Be6 20. Rad1 Rad8 21. d5 cxd5 22. cxb5 Qb7 23. Bd4 Nd7 24. Bxg7 Kxg7 25. a4 Nf6 26. Qe5 {1-0 Gutzeit,K (2035)-Artamonov,S (1995) Regionalliga NW 9697 1996}) ({RR} 11... Nxe4 12. Bxe4 Nf6 13. Bg2 Bd5 14. Bf1 Re8 15. Ng2 b5 16. Nf4 Be4 17. a4 a6 18. Nd3 Bxd3 19. Qxd3 Nd5 20. Bd2 Qd7 {½-½ Zarkua,D (2437)-Morchiashvili,B (2347) Corum op 2016 (4)}) 12. Nxf6+ exf6 13. Bxd5 cxd5 14. Ng2 Re8 15. Ne3 Nf8 16. Bd2 Qd7 17. Qf3 Rad8 18. Ng4 f5 19. Nh6+ Bxh6 20. Bxh6 Re4 21. Qd3 Ne6 22. f3 Rxe1+ 23. Rxe1 f6 24. b3 Kf7 25. Bd2 Re8 26. Kf2 b5 27. Ra1 Rb8 28. Re1 Re8 29. Ra1 Rb8 30. Re1 Re8 1/2-1/2

[Event "45th Olympiad 2024"]
[Site "Budapest HUN"]
[Date "2024.09.21"]
[Round "10.9"]
[Board "3"]
[White "Le, Tuan Minh"]
[Black "Pichot, Alan"]
[Result "1/2-1/2"]
[WhiteElo "2564"]
[BlackElo "2628"]
[PlyCount "106"]
[EventDate "2024.09.11"]
[WhiteTeam "Vietnam"]
[BlackTeam "Spain"]
[WhiteTeamCountry "VIE"]
[BlackTeamCountry "ESP"]

1. d4 Nf6 2. c4 e6 3. Nc3 Bb4 4. Nf3 O-O 5. Bg5 d5 6. e3 c5 7. dxc5 ({RR} 7. Rc1 Nbd7 8. cxd5 exd5 9. Bd3 c4 10. Bb1 Qa5 11. O-O Re8 12. Bh4 b5 13. Ne5 Bb7 14. f4 Qb6 15. g4 Bxc3 16. bxc3 Nxe5 17. fxe5 Ne4 18. Qf3 Qe6 19. Qf4 a5 20. a3 Bc6 21. Bxe4 dxe4 {1-0 Nikolic,P (2626)-Palac,M (2582) SLO-chT Murska Sobota 2006 (1)}) 7... Nbd7 8. Rc1 $146 ({RR} 8. Qc2 Qa5 9. Bxf6 Nxf6 10. Bd3 dxc4 11. Bxc4 Qxc5 12. Nd2 b5 13. Bd3 Bb7 14. O-O Bxc3 15. bxc3 Rfd8 16. Rfd1 Rac8 17. Rac1 g6 18. Bf1 Qe5 19. h3 Nd5 20. Nf3 Qf6 21. Qb3 Nb6 22. Rxd8+ Rxd8 {0-1 Asefi,Z (2072)-Sharavdorj,D (2446) Olympiad-40 Istanbul 2012 (6.1)}) ({RR} 8. cxd5 exd5 9. Be2 Qa5 10. O-O Bxc3 11. bxc3 Qxc5 12. Qb3 Ne4 13. Rac1 Nxg5 14. Nxg5 Nb6 15. Nf3 Bg4 16. Qb4 Qc8 17. Rfd1 Bh5 18. a4 Rd8 19. a5 Nc4 20. Rd4 Qc7 21. Bxc4 dxc4 22. Rxc4 Qd7 {1-0 Schroeder,C (2034)-Dettmann,H (1960) Mecklenburg VP-ch MT 2006 (9.9)}) ({RR} 8. a3 Bxc3+ 9. bxc3 Qa5 10. Qb3 Qxc5 11. Qb4 Qc7 12. Rc1 dxc4 13. Bxc4 b6 14. O-O Bb7 15. Be2 Ne4 16. Bh4 h6 17. Rfd1 Ndc5 18. Nd4 g5 19. Bg3 Nxg3 20. hxg3 Qe5 21. Nb3 Nxb3 22. Qxb3 Rfd8 {0-1 Guevara Castillo,F-Abbas,B Olympiad-27 Dubai 1986 (10)}) 8... Nxc5 9. cxd5 Qxd5 10. Bxf6 Qxd1+ 11. Kxd1 gxf6 12. Bc4 Bd7 13. Ke2 Rac8 14. Nb5 a6 15. Nd6 Rc6 16. Rhd1 b5 17. Nxb5 axb5 18. Bxb5 Rc7 19. Rxd7 Rxd7 20. Rxc5 Rb7 21. Rh5 f5 22. a4 Rc8 23. Nd4 Be7 24. b3 Rc1 25. h3 Bf6 26. g4 fxg4 27. hxg4 Bxd4 28. exd4 Rc2+ 29. Kd3 Rxf2 30. a5 f5 31. Bc4 fxg4 32. Rg5+ Kf7 33. a6 Rd7 34. Rxg4 Kf6 35. b4 Rf3+ 36. Kd2 Kf5 37. Rh4 Kg5 38. Re4 Rc7 39. Bd3 Rf2+ 40. Re2 Rf4 41. Be4 Rf1 42. Bb7 Ra1 43. Kd3 Ra3+ 44. Ke4 Rc4 45. b5 Rb4 46. Bc6 Kf6 47. Rf2+ Ke7 48. Rh2 Rb1 49. Rxh7+ Kf6 50. Rh6+ Ke7 51. a7 Re1+ 52. Kf4 Rf1+ 53. Kg4 Rxa7 1/2-1/2

[Event "45th Olympiad 2024"]
[Site "Budapest HUN"]
[Date "2024.09.21"]
[Round "10.9"]
[Board "4"]
[White "Santos Latasa, Jaime"]
[Black "Tran, Tuan Minh"]
[Result "1/2-1/2"]
[WhiteElo "2624"]
[BlackElo "2434"]
[PlyCount "160"]
[EventDate "2024.09.11"]
[WhiteTeam "Spain"]
[BlackTeam "Vietnam"]
[WhiteTeamCountry "ESP"]
[BlackTeamCountry "VIE"]

1. e4 {Ftacnik,Lubomir} c5 2. Nf3 d6 3. d4 cxd4 4. Nxd4 Nf6 5. Nc3 a6 6. f3 e5 7. Nb3 Be6 8. Be3 Be7 9. Qd2 Nbd7 10. g4 O-O 11. O-O-O b5 12. g5 Nh5 13. Nd5 Bxd5 14. exd5 f6 15. gxf6 Bxf6 16. Na5 Kh8 ({RR} 16... Nf4 17. Nc6 ({RR} 17. Kb1 Nb6 18. c4 bxc4 19. Qb4 Nd7 20. Nc6 Qc7 21. Qxc4 Rfc8 22. h4 Kh8 23. Qe4 Nxd5 24. Bd3 Nf8 25. Qxd5 Qxc6 26. Qxc6 Rxc6 27. Be4) ({RR} 17. c4 bxc4 18. Bxc4 Ng2 19. Qxg2 Qxa5 20. Kb1 Rab8 21. Qd2 Qd8 22. b3 a5) 17... Qc7 18. c4 ({RR} 18. Bd3 Nb6 19. Bxb6 Qxb6 20. Rhg1 Kh8 ({RR} 20... Nxd3+ 21. Qxd3 Bh4 ({RR} 21... Rf7 22. Rg4 Raf8 23. Rf1 g6 24. Kb1 Bg7 25. a4 bxa4 26. Rb4 Qc5 27. Rxa4) 22. Kb1 Rf4 23. Qf1 Qc7 24. Qh3 Re8 25. Rg4 Bf6) 21. Be4 b4 22. Kb1 a5 23. Rg4 Rf7 24. Rdg1 Nh3 25. Rf1 Nf4) ({RR} 18. Kb1 Nb6 19. Bxf4 exf4 20. c3 Rae8 21. Rg1 Re3 22. Rg4 Rxf3 23. Bd3 Qf7 24. Rxf4 Rxf4 25. Qxf4 Qh5) 18... Nb8 ({RR} 18... Nb6 19. Qa5) ({RR} 18... bxc4 19. Bxc4 a5) 19. Qa5 Rc8 ({RR} 19... Qb7 20. cxb5 axb5 21. Qxb5 Qxb5 ({RR} 21... Qf7 22. Bxf4 exf4 23. Bh3) 22. Bxb5 Rxa2 23. Kb1 Ra8 24. Rc1 Nd7) 20. Kb1 ({RR} 20. Qxc7 Rxc7 21. Kb1) 20... bxc4 ({RR} 20... Nxc6 21. Qxc7 Rxc7 22. dxc6 Rxc6 ({RR} 22... Rb8 23. cxb5 axb5 24. Rxd6) 23. cxb5 axb5 24. Bxb5) ({RR} 20... Qb7 21. cxb5 axb5 22. Qxb5 Qd7 23. Qc4) 21. Qxc7 Rxc7 22. Bxc4 Kf8 ({RR} 22... Nxc6 23. dxc6+ d5 24. Rxd5 Nxd5 25. Bxd5+ Kf8 26. Bb6 Rac8 27. Bxc7 Rxc7 28. Kc2) 23. Na5 ({RR} 23. Bb3 Nxc6 24. dxc6 Ke7 25. Bxf4 exf4 26. Rhe1+ Be5 27. Bd5) 23... Nd7 24. Rc1 Bg5 ({RR} 24... Rac8 25. Bxa6 ({RR} 25. b4) 25... Rxc1+ 26. Rxc1 Rxc1+ 27. Bxc1 Nxd5 28. Nc6) 25. h4 Bh6 26. Bb3 Rac8 27. Rc6 Ne2 ({RR} 27... Nxd5 28. Bxh6 Rxc6 29. Nxc6 N7f6 ({RR} 29... Rxc6 30. Bxd5 Rc5 31. Be6) ({RR} 29... N5f6 30. Bxg7+ Kxg7 31. Ne7 Rd8 32. Nf5+ Kf8 33. Nxd6) 30. Na5 ({RR} 30. Nxe5 gxh6 31. Nc4) 30... gxh6 31. Rd1 Rc5 32. Nb7 Rb5 33. Nxd6) 28. Bxh6 gxh6 29. Bc4 ({RR} 29. Rxd6 Rc1+) 29... Nd4 30. Bxa6 ({RR} 30. Rxd6 Ke7 31. Rxh6 Rxc4 32. Nxc4 Rxc4 33. Rxh7+ Kd6 34. Rf7) 30... Nxc6 31. dxc6 {1-0 Svidler,P (2743)-Ponomariov,R (2738) Sofia MTel Masters 2nd 2006 (2)} {RR} Ra8 32. cxd7 Ke7 ({RR} 32... Rxd7 33. Bb5) 33. Bc8 Rxa5 34. Rg1 Rac5 ({RR} 34... Rxd7 35. Rg7+ Kd8 36. Bxd7 Ra7 37. Rg8+) 35. Rg7+ Kf6 36. d8=Q+ Kxg7 37. a4 Rxc8 38. Qxd6) ({RR} 16... Nf4 17. Nc6 Qc7 18. Bd3 Nb6 19. Bxb6 Qxb6 20. Be4 Bh4 21. Kb1 a5 22. Rhf1 b4 23. c3 bxc3 24. Qxc3 Kh8 25. a4 Nh5 26. Qa3 Qc7 27. Qd3 Nf6 28. Rc1 Bg5 29. Rc2 Qb6 30. Ka2 Rf7 31. Rb1 {½-½ Ayats Llobera,G (2451)-Santos Latasa,J (2680) ESP-chT CECLUB Honor 2022 (5.4)}) 17. Kb1 ({RR} 17. c4 bxc4 18. Bxc4 Nf4 19. Kb1 Qe8 20. Rhg1 Qh5 21. Rg4 Qf5+ 22. Qc2 Bd8 23. Qxf5 Rxf5 24. Nc6 h5 25. Rgg1 Bb6 26. Bxb6 Nxb6 27. b3 Nxc4 28. bxc4 Ne2 29. Rg6 Nc3+ 30. Kc2 Nxd1 31. Kxd1 Rxf3 {0-1 Conde Gomez,D (1958)-Gomez Anadon,D (2152) 43rd Benasque Open 2024 (4.56)}) 17... Qe8 18. Rg1 $146 ({RR} 18. Bd3 Bd8 19. Nb7 Bc7 20. Qb4 Qb8 21. Na5 Bxa5 22. Qxa5 Rxf3 23. Bd2 Nhf6 24. Rhf1 Rxf1 25. Bxf1 Nb6 26. Bg5 Ne4 27. Bh4 Qb7 28. Bg2 Nc5 29. Rf1 e4 30. Qd2 Qxd5 31. Qf4 Nc4 32. Kc1 Rg8 {0-1 Willow,J (2447)-Mendonca,L (2623) 50th Sparkassen Open A 2023 (3.5)}) ({RR} 18. c4 bxc4 19. Nxc4 Be7 20. Bd3 Rxf3 21. Rhg1 Rf7 22. Bc2 Rc8 23. Qd3 Nhf6 24. Ba4 Qd8 25. Bc6 Bf8 26. Qf5 Rc7 27. Rgf1 Qc8 28. Qe6 Nb8 29. Nb6 Qxe6 30. dxe6 Rfe7 31. Bd7 Nbxd7 32. exd7 Rexd7 {1-0 Bacrot,E (2659)-Brkic,A (2596) 23rd ch-EUR Indiv 2023 (9.7)}) 18... Bd8 19. Nb7 Bc7 20. Qc3 Rc8 21. Qa3 Rxf3 22. Be2 Rxe3 23. Qxe3 Nf4 24. Bg4 Rb8 25. Qc3 Rxb7 26. Qc6 Qb8 27. Bxd7 Rb6 28. Qc3 Qd8 29. Bg4 Rb8 30. Qf3 Bb6 31. Rgf1 Bc5 32. Qe4 Qg5 33. Be6 a5 34. Rf3 g6 35. Qe1 b4 36. Qg3 Qf6 37. Bd7 Kg7 38. Qe1 Rf8 39. Qe4 Qh4 40. h3 Rf7 41. Bb5 Qg5 42. Rdf1 Qd8 43. Ba4 Rf5 44. Rd1 Rf7 45. c3 Qc8 46. cxb4 axb4 47. Bc2 Qf5 48. Qc4 Qh5 49. Rdf1 Qg5 50. Be4 Qd8 51. Qb5 Ra7 52. Rc1 Qe7 53. Rb3 Qh4 54. Qf1 Nh5 55. Qe1 Qxe1 56. Rxe1 Nf4 57. Rd1 Kh6 58. Rg3 Kg7 59. Rf1 Ra4 60. Bc2 Ra7 61. Be4 Ra4 62. Bc2 Ra5 63. Be4 Ra7 64. Rd1 Kf6 65. Rh1 Ra4 66. Bc2 Ra7 67. Be4 Rg7 68. h4 Ra7 69. Rf1 Kg7 70. Rgf3 Kh6 71. Rg3 Kg7 72. Rgf3 Kh6 73. Rg3 Ra8 74. Rh1 Ra4 75. Bc2 Ra5 76. Be4 Ra8 77. Rf1 Kg7 78. Rgf3 Ra7 79. Rg3 Ra6 80. Rgf3 Ra7 1/2-1/2

[Event "45th Olympiad 2024"]
[Site "Budapest HUN"]
[Date "2024.09.21"]
[Round "10.10"]
[Board "1"]
[White "Carlsen, Magnus"]
[Black "Schitco, Ivan"]
[Result "1-0"]
[WhiteElo "2832"]
[BlackElo "2527"]
[PlyCount "83"]
[EventDate "2024.09.11"]
[WhiteTeam "Norway"]
[BlackTeam "Moldova"]
[WhiteTeamCountry "NOR"]
[BlackTeamCountry "MDA"]

1. d4 {Huebner,Robert} d5 2. Nf3 Nf6 3. e3 Bf5 4. c4 c6 5. Nc3 e6 6. Nh4 Be4 7. f3 Bg6 8. Qb3 Qc7 9. Bd2 a5 ({RR} 9... Be7 10. O-O-O ({RR} 10. g3 Bh5 11. Be2 g5 12. Ng2 h6 13. Rc1 Qb6 14. Qc2 Bg6 15. Bd3 Bxd3 16. Qxd3 Qa6 17. b3 Nbd7 18. Ke2 O-O-O 19. c5 Qxd3+ 20. Kxd3 Ne8 21. b4 Nc7 22. a4 b6 23. Ne2 Kb7 24. Rb1 f5) 10... Nbd7 11. cxd5 ({RR} 11. Nxg6 hxg6 12. g3) 11... Nxd5 12. Nxg6 hxg6 13. h3 ({RR} 13. e4) 13... a5 14. a3 ({RR} 14. e4) 14... b5 15. Nxd5 ({RR} 15. e4 b4 ({RR} 15... a4 16. Qc2 b4 17. Nxd5 exd5 18. Bxb4 ({RR} 18. exd5 bxa3 19. Qxc6 Qb8 20. Bb5 O-O 21. Qxd7 Ra7) 18... Bxb4 19. axb4 Qb6 20. Qc3) 16. exd5 ({RR} 16. axb4 axb4 17. Na2 N5f6) 16... cxd5 17. Kb1 bxc3) 15... exd5 16. Kb1 ({RR} 16. e4 Nb6) 16... Nb6 17. e4 Nc4 18. exd5 a4 19. Qc2 cxd5 20. Bd3 ({RR} 20. Bxc4 bxc4 21. Rhe1 O-O 22. Rxe7 Qxe7 23. Bb4 Qe3 24. Bxf8 Kxf8) 20... Rb8 21. Rhe1 O-O 22. Bxc4 ({RR} 22. Bf4 Qxf4 23. Rxe7 Qd6 24. Re2 ({RR} 24. Rde1 b4) 24... Rfc8) 22... bxc4 23. Qxa4 ({RR} 23. Bf4 Qxf4 24. Rxe7 Rb3) 23... Ra8 ({RR} 23... c3) 24. Qb5 {0-1 Bareev,E (2707)-Ivanchuk,V (2717) FIDE GP Dubai rapid 2002 (1.4)}) 10. cxd5 Nxd5 11. g3 Nd7 $146 ({RR} 11... Be7 12. Nxg6 hxg6 13. Kf2 Nd7 14. Kg2 g5 15. Rc1 Nxc3 16. bxc3 b5 17. c4 b4 18. c5 e5 19. Bc4 O-O 20. Qc2 Rad8 21. h4 g4 22. fxg4 exd4 23. exd4 Nf6 24. Bf4 Qd7 25. g5 Nd5 26. Rhf1 {1-0 Gretarsson,H (2475)-Sai Agni Jeevitesh,J (2289) 2nd Leca Chess Open 2023 (7.4)}) ({RR} 11... Nxc3 12. bxc3 b5 13. Nxg6 hxg6 14. Kf2 Nd7 15. Be2 Be7 16. e4 a4 17. Qb2 O-O 18. Be3 f5 19. Kg2 Rad8 20. c4 Rb8 21. Qc2 Qa7 22. Rab1 b4 23. c5 e5 24. Rhc1 exd4 25. Bxd4 Kh7 26. exf5 {1-0 Ushenina,A (2418)-Zawadzka,J (2351) 24th ch-EUR Indiv w 2024 (4.8)}) ({RR} 11... Be7 12. Nxg6 hxg6 13. Kf2 Nd7 14. Be2 N5f6 15. Kg2 e5 16. dxe5 Nc5 17. Qc2 Qxe5 18. Rad1 g5 19. h3 Rd8 20. Bc1 Rxd1 21. Bxd1 Nd5 22. Nxd5 Qxd5 23. Be2 Qe5 24. b3 g4 25. Qb2 gxf3+ 26. Bxf3 {½-½ Keymer,V (2700)-Grandelius,N (2660) 28th Sigeman & Co 2023 (1.4)}) 12. e4 Nxc3 13. bxc3 b5 14. a3 Be7 15. Nxg6 hxg6 16. Kf2 Rb8 17. Be2 g5 18. Be3 Nb6 19. Kg2 Kf8 20. Rhf1 Kg8 21. Rf2 Nd7 22. f4 gxf4 23. Bxf4 Bd6 24. e5 Be7 25. Bg4 a4 26. Qa2 Nf8 27. Raf1 Rh7 28. h4 Qd8 29. Be3 g5 30. h5 Qd5+ 31. Bf3 Qxa2 32. Rxa2 Rc8 33. g4 f5 34. exf6 Bxf6 35. Be4 Rh6 36. Raf2 Kg7 37. Kg3 Rc7 38. Bxg5 Bxg5 39. Rxf8 Rh8 40. Rxh8 Kxh8 41. h6 Be7 42. g5 1-0

[Event "45th Olympiad 2024"]
[Site "Budapest HUN"]
[Date "2024.09.21"]
[Round "10.10"]
[Board "2"]
[White "Macovei, Andrei"]
[Black "Christiansen, Johan-Sebastian"]
[Result "1-0"]
[WhiteElo "2464"]
[BlackElo "2661"]
[PlyCount "117"]
[EventDate "2024.09.11"]
[WhiteTeam "Moldova"]
[BlackTeam "Norway"]
[WhiteTeamCountry "MDA"]
[BlackTeamCountry "NOR"]

1. e4 c5 2. Nf3 Nf6 3. e5 Nd5 4. Nc3 e6 5. g3 Nc6 6. Bg2 d6 7. exd6 Bxd6 8. Nxd5 exd5 9. O-O O-O 10. d4 Bg4 ({RR} 10... c4 11. Re1 Qc7 12. Ne5 Be6 13. Bf4 Rae8 14. c3 f6 15. Nxc6 bxc6 16. Bxd6 Qxd6 17. Qa4 Qc7 18. b3 cxb3 19. axb3 Re7 20. b4 Rfe8 21. Bf1 Bg4 22. Rxe7 Rxe7 23. Qa5 Qd6 24. Qc5 Qd7 25. Bg2 {1-0 Teterev,V (2257)-Baskakov,E (2215) Titled Tue 4th Jun Early 2024 (8)}) 11. h3 Bf5 $146 ({RR} 11... Bh5 12. Be3 Qa5 13. dxc5 Bxc5 14. Qxd5 Bxe3 15. Qxa5 Nxa5 16. fxe3 Rfe8 17. Nh4 Be2 18. Rf5 Nc4 19. Bxb7 Rab8 20. Bd5 Nd6 21. Rf2 Ba6 22. b3 Rxe3 23. Rf3 Re2 24. c4 Bc8 25. c5 Rd2 26. Bc6 {½-½ Donchenko,A (2567)-Christiansen,J (2468) Wch U20 56th 2017 (10)}) 12. Be3 c4 13. c3 Qd7 14. Kh2 f6 15. Nd2 Ne7 16. a4 Be6 17. b3 cxb3 18. Qxb3 Nf5 19. Rfe1 Rac8 20. Kg1 Qf7 21. Nf1 Rfd8 22. Bd2 Bf8 23. h4 Kh8 24. Bf4 h6 25. h5 Rc6 26. a5 Rd7 27. Bf3 Ne7 28. Ne3 Rc8 29. Ng2 Nc6 30. Nh4 Be7 31. Qb1 Bf8 32. Qd3 Rdd8 33. Bd1 Ne7 34. Bc2 f5 35. Re3 Bd7 36. Rae1 Kg8 37. Bd6 Nc6 38. Bxf8 Rxf8 39. Ng6 Rfe8 40. a6 bxa6 41. Qxa6 Rxe3 42. Rxe3 Rb8 43. Qa2 Kh7 44. Bb3 Rb5 45. Nf4 Ne7 46. Qxa7 Nc6 47. Qa2 Ne7 48. Bd1 Ng8 49. Be2 Nf6 50. Bxb5 Bxb5 51. Qb1 Bd7 52. Qb7 Qg8 53. Re7 Be8 54. Qc8 Bd7 55. Qxg8+ Kxg8 56. Nxd5 Nxd5 57. Rxd7 Nxc3 58. f3 f4 59. g4 1-0

[Event "45th Olympiad 2024"]
[Site "Budapest HUN"]
[Date "2024.09.21"]
[Round "10.10"]
[Board "3"]
[White "Tari, Aryan"]
[Black "Lashkin, Jegor"]
[Result "1/2-1/2"]
[WhiteElo "2642"]
[BlackElo "2472"]
[PlyCount "106"]
[EventDate "2024.09.11"]
[WhiteTeam "Norway"]
[BlackTeam "Moldova"]
[WhiteTeamCountry "NOR"]
[BlackTeamCountry "MDA"]

1. e4 c5 2. Nf3 d6 3. Bb5+ Nd7 4. O-O a6 5. Be2 Ngf6 6. d3 e6 7. a4 b6 8. Nfd2 Be7 9. f4 Bb7 10. Bf3 Qc7 11. Qe2 Rc8 12. Nc3 O-O 13. g4 Nb8 14. Nd1 $146 ({RR} 14. g5 Nfd7 15. Nc4 Nc6 16. Qg2 Nd4 17. Bg4 b5 18. Ne3 b4 19. Ne2 d5 20. exd5 Nb6 21. c4 bxc3 22. Nxc3 Rcd8 23. f5 Bxg5 24. fxe6 fxe6 25. a5 Bxe3+ 26. Bxe3 Rxf1+ 27. Rxf1 Nxd5 28. Bxd4 Nxc3 {1-0 Hrbek,S (2414)-Szikszai,B (2278) 32nd EY Open U18 2024 (2.12)}) 14... Nc6 15. c3 b5 16. Qg2 Nd7 17. g5 Kh8 18. Ne3 Nb6 19. axb5 axb5 20. h4 f5 21. exf5 exf5 22. Nd5 Nxd5 23. Bxd5 Rce8 24. h5 Bd8 25. Nb3 Qd7 26. c4 bxc4 27. dxc4 Re4 28. Bxe4 fxe4 29. Be3 Bb6 30. Rad1 Nd4 31. Nxd4 cxd4 32. Rxd4 Bxd4 33. Bxd4 e3 34. Qg3 Qc6 35. Bxe3 Qh1+ 36. Kf2 Qxh5 37. Re1 Rc8 38. Bd4 Rxc4 39. Bc3 Qf7 40. Kg1 Kg8 41. Qe3 Re4 42. Qb6 Rxe1+ 43. Bxe1 Qd5 44. Qd8+ Kf7 45. Qd7+ Kg6 46. Qg4 Qc5+ 47. Kh2 Qc2+ 48. Kg1 Bc8 49. Qg2 Qc4 50. Qd2 Qc6 51. Qd3+ Bf5 52. Qe2 Be4 53. Bc3 Qc5+ 1/2-1/2

[Event "45th Olympiad 2024"]
[Site "Budapest HUN"]
[Date "2024.09.21"]
[Round "10.10"]
[Board "4"]
[White "Iordachescu, Viorel"]
[Black "Urkedal, Frode Olav Olsen"]
[Result "1/2-1/2"]
[WhiteElo "2572"]
[BlackElo "2546"]
[PlyCount "120"]
[EventDate "2024.09.11"]
[WhiteTeam "Moldova"]
[BlackTeam "Norway"]
[WhiteTeamCountry "MDA"]
[BlackTeamCountry "NOR"]

1. d4 Nf6 2. c4 e6 3. Nf3 d5 4. Nc3 Be7 5. Bg5 h6 6. Bxf6 Bxf6 7. Rc1 O-O 8. e3 c6 9. h4 Nd7 10. g4 g6 11. g5 hxg5 12. hxg5 Bxg5 13. Nxg5 Qxg5 14. f4 Qg3+ 15. Kd2 c5 16. Rh3 $146 ({RR} 16. Kc2 Nf6 17. Rh3 Qf2+ 18. Kb1 e5 19. Rf3 Bf5+ 20. Ka1 Qg1 21. fxe5 Ne4 22. Rxf5 gxf5 23. Nxe4 dxe4 24. Rc2 Qh1 25. Rg2+ Kh7 26. Qe2 Rh8 27. Rh2+ Qxh2 28. Qxh2+ Kg7 29. Qf4 Rh5 30. a3 Kg6 {1-0 Jin,R (1819)-Wang,F (1921) ch-CHN Personal GpB m 2024 (9.14)}) 16... Qf2+ 17. Be2 Qg2 18. Qh1 Qxh1 19. Rcxh1 cxd4 20. Rh8+ Kg7 21. R1h7+ Kf6 22. exd4 dxc4 23. Bxc4 Rxh8 24. Rxh8 Ke7 25. Bd3 Nf8 26. Be4 Bd7 27. d5 Rd8 28. Ke3 Kd6 29. dxe6 Nxe6 30. Rh7 f5 31. Bxb7 Rb8 32. Bd5 Rxb2 33. Bb3 a5 34. Rh6 Rg2 35. Ne2 Bb5 36. Nd4 Nxd4 37. Kxd4 Be8 38. Bc4 Rg4 39. Ke3 Kc5 40. Be6 Bc6 41. Bf7 g5 42. fxg5 f4+ 43. Kd2 f3 44. Rxc6+ Kxc6 45. g6 Rg2+ 46. Ke3 f2 47. Ke2 Kd6 48. Kf1 Rg4 49. Kxf2 Ke5 50. Kf3 Rg5 51. Ke3 Rg3+ 52. Kf2 Kf4 53. Ke2 Ke4 54. Kd2 a4 55. Kc2 Kd4 56. Kb2 a3+ 57. Kc2 Ke5 58. Be8 Ke4 59. Bf7 Kd4 60. Be8 Rc3+ 1/2-1/2

[Event "45th Olympiad 2024"]
[Site "Budapest HUN"]
[Date "2024.09.21"]
[Round "10.11"]
[Board "1"]
[White "Keymer, Vincent"]
[Black "Peralta, Fernando"]
[Result "1-0"]
[WhiteElo "2730"]
[BlackElo "2558"]
[PlyCount "81"]
[EventDate "2024.09.11"]
[WhiteTeam "Germany"]
[BlackTeam "Argentina"]
[WhiteTeamCountry "GER"]
[BlackTeamCountry "ARG"]

1. c4 e6 2. Nc3 d5 3. d4 Nf6 4. cxd5 exd5 5. Bg5 Be7 6. e3 O-O 7. Bd3 Re8 8. Nf3 h6 9. Bf4 c5 10. dxc5 Bxc5 11. O-O Nc6 12. Rc1 ({RR} 12. Nb5 Re7 13. Rc1 Bb6 14. h3 Be6 15. Nfd4 Nxd4 16. Nxd4 Rc8 17. Qf3 Bc7 18. Bxh6 Ne4 19. Bf4 Nd2 20. Qh5 Ne4 21. Bxe4 dxe4 22. Nxe6 Rxe6 23. Rfd1 Qe7 24. Qc5 Qxc5 25. Rxc5 Rc6 26. Rxc6 bxc6 {1-0 Vachier Lagrave,M (2727)-Harikrishna,P (2711) Tata Steel IND Blitz Open 2023 (8.3)}) 12... Bg4 ({RR} 12... a6 13. Ne2 Ba7 14. Ned4 Nxd4 15. Nxd4 Ne4 16. Qh5 Nf6 17. Qf3 Ne4 18. Rfd1 Qf6 19. Bc2 Bd7 20. Bb3 Bc6 21. h3 Rac8 22. Rc2 a5 23. Nxc6 bxc6 24. Rdc1 d4 25. Bd5 Ng5 26. Bxg5 hxg5 27. Qxf6 {1-0 Vitiugov,N (2711)-Dragnev,V (2586) Bundesliga 2023-24 (6.8)}) 13. Be2 $146 ({RR} 13. Nb5 Bb6 14. Nd6 Re6 15. Nf5 Ne4 16. Bxe4 dxe4 17. Qxd8+ Rxd8 18. N3d4 Bxf5 19. Nxf5 Rd5 20. g4 Rg6 21. Rxc6 Rxg4+ 22. Bg3 Rxf5 23. Rc4 h5 24. h3 Rg6 25. Rxe4 Bc7 26. Kg2 Bxg3 27. fxg3 Rxf1 {0-1 Abasov,N (2679)-Sargsyan,S (2631) FIDE Grand Swiss 2023 (8.26)}) 13... a6 14. h3 Bh5 15. Qb3 Na5 16. Qa4 b5 17. Qd1 Rc8 18. Ne5 Bxe2 19. Nxe2 Qb6 20. Nd3 Bf8 21. Be5 Ne4 22. Rxc8 Rxc8 23. Ndf4 Nc4 24. Qxd5 Nf6 25. Bxf6 Qxf6 26. b3 Rd8 27. Qb7 Nd2 28. Re1 Bb4 29. Nd5 Nf3+ 30. gxf3 Qg5+ 31. Kf1 Bxe1 32. Ne7+ Kf8 33. Nc6 Bb4 34. Ned4 Bc5 35. f4 Qh4 36. Nxd8 Qxd8 37. Nf3 Qd3+ 38. Kg2 Qg6+ 39. Kh2 Kg8 40. Qc8+ Bf8 41. Ne5 1-0